[Event "New York President's Day IM-C"]
[Site "New York"]
[Date "2024.02.15"]
[Round "1"]
[White "Yoo, Eugene"]
[Black "Campos Jimenez, Augusto Cesar"]
[Result "1/2-1/2"]
[WhiteElo "2190"]
[BlackElo "2280"]
[PlyCount "94"]
[EventDate "2024.02.15"]
[EventType "schev"]
[EventRounds "9"]
[EventCountry "USA"]
[SourceTitle "CB08_2024"]
[SourceDate "2024.02.21"]
[SourceVersion "1"]
[SourceVersionDate "2024.02.21"]
[SourceQuality "1"]

1. d4 d5 2. Nf3 Nf6 3. g3 Bf5 4. c4 c6 5. Nc3 e6 6. Nh4 Be4 7. f3 Bg6 8. Qb3 Qb6 9. Nxg6 hxg6 10. c5 Qc7 11. Bf4 Qc8 12. Bd6 Bxd6 13. cxd6 0-0 14. e4 c5 15. e5 Nfd7 16. f4 Nc6 17. dxc5 Nd4 18. Qa4 Qxc5 19. 0-0-0 Nc6 20. Qb5 Qe3+ 21. Kb1 Nc5 22. Bh3 Ne4 23. Nxe4 Qxe4+ 24. Qd3 Qa4 25. Qb3 Qe4+ 26. Qd3 Qa4 27. Rhe1 Rfc8 28. Bf1 Nb4 29. Qb3 Qxb3 30. axb3 Kf8 31. Rc1 a6 32. Rc3 Ke8 33. Rec1 Rc6 34. Rxc6 bxc6 35. Rc5 Kd7 36. Kc1 f6 37. Kd2 g5 38. Kc3 a5 39. h4 gxf4 40. gxf4 Na2+ 41. Kc2 Nb4+ 42. Kc3 Na2+ 43. Kc2 a4 44. Be2 Nb4+ 45. Kc3 Na2+ 46. Kc2 Nb4+ 47. Kc3 Na2+ 1/2-1/2

[Event "Sunnyvale 1000 GM Thanksgiving IM1"]
[Site "Sunnyvale"]
[Date "2023.11.23"]
[Round "3"]
[White "Shi, Roger V"]
[Black "Campos Jimenez, Augusto Cesar"]
[Result "0-1"]
[WhiteElo "1970"]
[BlackElo "2263"]
[PlyCount "70"]
[EventDate "2023.11.22"]
[EventType "schev"]
[EventRounds "9"]
[EventCountry "USA"]
[SourceTitle "CB48_2023"]
[SourceDate "2023.11.29"]
[SourceVersion "1"]
[SourceVersionDate "2023.11.29"]
[SourceQuality "1"]

1. e4 c5 2. Nf3 d6 3. Bb5+ Nd7 4. 0-0 Ngf6 5. Re1 a6 6. Bf1 b6 7. d4 cxd4 8. Nxd4 Bb7 9. f3 e6 10. c4 Be7 11. Nc3 0-0 12. Be3 Qc7 13. Qd2 Rac8 14. Rac1 Qb8 15. b3 Bd8 16. Red1 Bc7 17. g3 Rfe8 18. Bg2 h5 19. Nde2 h4 20. Bf4 Ne5 21. gxh4 d5 22. cxd5 exd5 23. Nxd5 Nxd5 24. exd5 Rcd8 25. Qc3 Bd6 26. Kh1 Ng6 27. Bxd6 Qxd6 28. Ng3 Nxh4 29. Ne4 Qh6 30. Qd2 Qh5 31. Qf4 Rxd5 32. Rxd5 Bxd5 33. Ng3 Qh7 34. Rd1 Qc2 35. Qd2 Re1+ 0-1

[Event "Sunnyvale 1000 GM Thanksgiving IM1"]
[Site "Sunnyvale"]
[Date "2023.11.22"]
[Round "1"]
[White "Sivakumar, Shaaketh"]
[Black "Campos Jimenez, Augusto Cesar"]
[Result "1/2-1/2"]
[WhiteElo "2358"]
[BlackElo "2263"]
[PlyCount "66"]
[EventDate "2023.11.22"]
[EventType "schev"]
[EventRounds "9"]
[EventCountry "USA"]
[SourceTitle "CB48_2023"]
[SourceDate "2023.11.29"]
[SourceVersion "1"]
[SourceVersionDate "2023.11.29"]
[SourceQuality "1"]

1. d4 Nf6 2. Nf3 d5 3. c4 e6 4. g3 Be7 5. Bg2 0-0 6. 0-0 c6 7. Qc2 b6 8. Bf4 Bb7 9. Rd1 Na6 10. Ne5 Rc8 11. Nc3 Nb4 12. Qb3 dxc4 13. Nxc4 Nbd5 14. Bd2 c5 15. dxc5 Bxc5 16. Na4 Bxf2+ 17. Kxf2 Ng4+ 18. Kg1 Qf6 19. Be1 Qh6 20. h3 Rxc4 21. hxg4 Rxg4 22. Bf2 f5 23. Rxd5 Bxd5 24. Bxd5 exd5 25. Qxd5+ Kh8 26. Nc3 f4 27. Qf3 Qh3 28. Nd5 h5 29. Ne3 fxe3 30. Qxf8+ Kh7 31. Qf5+ Kh8 32. Qf8+ Kh7 33. Qf5+ Kh8 1/2-1/2

[Event "New York 1000 GM Fall IM-C"]
[Site "New York"]
[Date "2023.11.12"]
[Round "9"]
[White "Campos Jimenez, Augusto Cesar"]
[Black "Paragua, Mark"]
[Result "1/2-1/2"]
[WhiteElo "2263"]
[BlackElo "2436"]
[PlyCount "27"]
[EventDate "2023.11.08"]
[EventType "tourn"]
[EventRounds "9"]
[EventCountry "USA"]
[SourceTitle "CB46_2023"]
[SourceDate "2023.11.15"]
[SourceVersion "1"]
[SourceVersionDate "2023.11.15"]
[SourceQuality "1"]

1. e4 c5 2. Nf3 d6 3. Bb5+ Bd7 4. Bxd7+ Nxd7 5. 0-0 Ngf6 6. Re1 e6 7. b3 Be7 8. Bb2 0-0 9. d4 cxd4 10. Qxd4 d5 11. exd5 Bc5 12. Qh4 Nxd5 13. Qg3 N7f6 14. Nbd2 1/2-1/2

[Event "Sunnyvale 1000-B 09"]
[Site "Sunnyvale"]
[Date "2023.09.17"]
[Round "3"]
[White "Shi, Roger V"]
[Black "Campos Jimenez, Augusto Cesar"]
[Result "0-1"]
[WhiteElo "2038"]
[BlackElo "2268"]
[PlyCount "56"]
[EventDate "2023.09.16"]
[EventType "schev"]
[EventRounds "5"]
[EventCountry "USA"]
[SourceTitle "EXT 2024"]
[Source "ChessBase"]
[SourceDate "2023.10.10"]
[SourceVersion "1"]
[SourceVersionDate "2023.10.10"]
[SourceQuality "1"]

1. e4 e6 2. d4 d5 3. e5 a6 4. Nf3 c5 5. c3 Bd7 6. a4 Nc6 7. Be2 cxd4 8. cxd4 Bb4+ 9. Bd2 Qb6 10. Bxb4 Qxb4+ 11. Qd2 Nge7 12. 0-0 Rc8 13. Rc1 0-0 14. Rd1 Qxd2 15. Nbxd2 Nb4 16. Rdc1 Nf5 17. g4 Ne7 18. Rc3 Ng6 19. Ne1 f6 20. Ndf3 fxe5 21. dxe5 Nf4 22. Kf1 Nc6 23. Nd2 Nxe2 24. Kxe2 Rf4 25. h3 Rcf8 26. Raa3 h5 27. gxh5 Be8 28. Re3 Bxh5+ 0-1

[Event "Fort Lauderdale 1000 GM IM 08"]
[Site "Fort Lauderdale"]
[Date "2023.08.06"]
[Round "8"]
[White "Ren, Jesse"]
[Black "Campos Jimenez, Augusto Cesar"]
[Result "1-0"]
[WhiteElo "2146"]
[BlackElo "2291"]
[PlyCount "163"]
[EventDate "2023.08.02"]
[EventType "tourn"]
[EventRounds "9"]
[EventCountry "USA"]
[SourceTitle "CBM 215 Extra"]
[Source "ChessBase"]
[SourceDate "2023.09.30"]
[SourceVersion "1"]
[SourceVersionDate "2023.09.30"]
[SourceQuality "1"]

1. d4 Nf6 2. c4 e6 3. g3 d5 4. Bg2 Be7 5. Nf3 0-0 6. 0-0 dxc4 7. Qc2 a6 8. a4 Bd7 9. Rd1 Bc6 10. Nc3 Bxf3 11. Bxf3 Nc6 12. Bxc6 bxc6 13. a5 Qb8 14. Ra4 Qb3 15. Qxb3 cxb3 16. Rc4 Rfb8 17. Bf4 Nd5 18. Rxc6 Nxf4 19. gxf4 Kf8 20. Rxc7 Bb4 21. Ra1 Rc8 22. Rb7 Rab8 23. Rxb8 Rxb8 24. Kf1 Rc8 25. Na4 Rc2 26. e3 Ke7 27. Rd1 Kd6 28. e4 f5 29. exf5 exf5 30. Rd3 Kd5 31. Rxb3 Bxa5 32. Nc5 Kxd4 33. Ne6+ Ke4 34. Re3+ Kd5 35. Re5+ Kd6 36. Nxg7 Bb6 37. Nxf5+ Kc6 38. Re2 Rc4 39. Re6+ Kc5 40. Ne3 Rb4 41. f5 Bd8 42. Re5+ Kc6 43. f6 Rf4 44. Re6+ Kd7 45. Rxa6 Rxf6 46. Ra7+ Ke6 47. Rxh7 Rf4 48. Rb7 Kd6 49. Kg2 Kc6 50. Rb8 Bh4 51. f3 Rd4 52. Rc8+ Kd7 53. Rc2 Bf6 54. Ng4 Be7 55. Ne5+ Kd6 56. Nc6 Rd1 57. Nxe7 Kxe7 58. Kg3 Kf6 59. h4 Kg6 60. Kh3 Kf5 61. Rc4 Rb1 62. Rb4 Rg1 63. b3 Rh1+ 64. Kg2 Rb1 65. Rb8 Kf4 66. Rf8+ Ke3 67. h5 Rxb3 68. Kg3 Rb1 69. Re8+ Kd4 70. Kf4 Kd5 71. h6 Rh1 72. Kg5 Rg1+ 73. Kh5 Rh1+ 74. Kg6 Rg1+ 75. Kf6 Rh1 76. Kg7 Rg1+ 77. Kh8 Rg6 78. h7 Rg3 79. Rg8 Rxf3 80. Rg5+ Ke6 81. Kg8 Kf6 82. Rg1 1-0

[Event "Sunnyvale Independence Day op"]
[Site "Sunnyvale"]
[Date "2023.07.03"]
[Round "7"]
[White "Campos Jimenez, Augusto Cesar"]
[Black "Atwell, Rose"]
[Result "1-0"]
[WhiteElo "2292"]
[BlackElo "2171"]
[PlyCount "77"]
[EventDate "2023.06.30"]
[EventType "swiss"]
[EventRounds "9"]
[EventCountry "USA"]
[SourceTitle "EXT 2024"]
[Source "ChessBase"]
[SourceDate "2023.10.10"]
[SourceVersion "1"]
[SourceVersionDate "2023.10.10"]
[SourceQuality "1"]

1. d4 d5 2. Nf3 Nf6 3. c4 e6 4. g3 Bb4+ 5. Nbd2 0-0 6. Bg2 dxc4 7. Qc2 b6 8. 0-0 Bb7 9. Nxc4 Nbd7 10. Nce5 Be7 11. Nc6 Bxc6 12. Qxc6 Rc8 13. Rd1 Nb8 14. Qa4 Qd7 15. Qb3 c6 16. Bf4 Nd5 17. Bd2 Rfd8 18. Rac1 c5 19. Ne5 Qe8 20. e4 Nf6 21. d5 exd5 22. exd5 b5 23. Ba5 c4 24. Qf3 Rd6 25. Bh3 Rc5 26. Bb4 Na6 27. Bxc5 Nxc5 28. b4 Nce4 29. Bf5 Bf8 30. Nc6 g6 31. Bxe4 Nxe4 32. Qe3 Rxc6 33. dxc6 Qxc6 34. Rd8 Kg7 35. Qd4+ Nf6 36. a3 Be7 37. Rb8 a6 38. Rb6 Qc8 39. Re1 1-0

[Event "Space Coast op 28th"]
[Site "Cape Canaveral"]
[Date "2023.05.20"]
[Round "2"]
[White "Campos Jimenez, Augusto Cesar"]
[Black "Forney, Robert K"]
[Result "1-0"]
[WhiteElo "2333"]
[BlackElo "1819"]
[PlyCount "63"]
[EventDate "2023.05.19"]
[EventType "swiss"]
[EventRounds "5"]
[EventCountry "USA"]
[SourceTitle "EXT 2024"]
[Source "ChessBase"]
[SourceDate "2023.10.10"]
[SourceVersion "1"]
[SourceVersionDate "2023.10.10"]
[SourceQuality "1"]

1. d4 d5 2. Nf3 Nf6 3. Bf4 e6 4. e3 Bd6 5. Nbd2 0-0 6. c3 c5 7. Bd3 Qc7 8. Bxd6 Qxd6 9. Ne5 b6 10. f4 Bb7 11. Qf3 Nbd7 12. g4 Ne8 13. g5 f5 14. gxf6 Ndxf6 15. Rg1 Qe7 16. 0-0-0 c4 17. Bc2 Nd6 18. Rg2 Rfc8 19. Rdg1 Nde8 20. Qh3 Rc7 21. Ndf3 Bc8 22. Ng5 g6 23. Nxh7 Qxh7 24. Rxg6+ Kf8 25. Rxf6+ Nxf6 26. Bxh7 Rxh7 27. Qg3 Bb7 28. f5 exf5 29. Ng6+ Kg8 30. Ne7+ Kh8 31. Qe5 Rh6 32. Ng6+ 1-0

[Event "Sunnyvale 1000 GM Schev 04"]
[Site "Sunnyvale"]
[Date "2023.04.23"]
[Round "5.3"]
[White "Guo, Ethan"]
[Black "Campos Jimenez, Augusto Cesar"]
[Result "1/2-1/2"]
[WhiteElo "1964"]
[BlackElo "2333"]
[PlyCount "121"]
[EventDate "2023.04.21"]
[EventType "schev"]
[EventRounds "5"]
[EventCountry "USA"]
[SourceTitle "CBM 213 Extra"]
[Source "ChessBase"]
[SourceDate "2023.05.31"]
[SourceVersion "1"]
[SourceVersionDate "2023.05.31"]
[SourceQuality "1"]
[WhiteTeam "Team B"]
[BlackTeam "Team B"]
[WhiteTeamCountry "USA"]
[BlackTeamCountry "USA"]

1. e4 c5 2. Nf3 Nc6 3. d4 cxd4 4. Nxd4 Nf6 5. Nc3 e6 6. Ndb5 Bc5 7. Nd6+ Ke7 8. Bf4 e5 9. Nf5+ Kf8 10. Bg5 h6 11. Bxf6 Qxf6 12. Nd5 Qd8 13. Bc4 g6 14. Nfe3 d6 15. 0-0 Kg7 16. c3 a6 17. Qf3 Rf8 18. Rad1 Be6 19. Bb3 Rc8 20. Bc2 h5 21. Qe2 Qg5 22. Kh1 h4 23. h3 Rcd8 24. a4 Ba7 25. Nc4 Ne7 26. Nxe7 Qxe7 27. Ne3 Qg5 28. Nd5 Rc8 29. Ne3 Rfd8 30. Nd5 Rc5 31. Bb3 Rb8 32. Qc2 b5 33. Nb4 bxa4 34. Bxe6 Rxb4 35. Bd5 a3 36. bxa3 Rb8 37. Rb1 Rxb1 38. Rxb1 Rc7 39. c4 Qd8 40. Qd2 Bc5 41. a4 Rd7 42. Bc6 Rc7 43. Bd5 Ra7 44. Rf1 Qb6 45. Qc2 Bd4 46. Rb1 Qa5 47. Kg1 Qc5 48. Qe2 Qa3 49. Qc2 Rc7 50. Qb3 Qc5 51. Qc2 Qa5 52. Qd1 Qc5 53. Qc2 Qa3 54. Qb3 Qc5 55. Qc2 Rd7 56. Kf1 Qc7 57. Rb7 Qd8 58. Rb1 Qg5 59. Qc1 Qf6 60. Qd2 Ra7 61. Kg1 1/2-1/2

[Event "Milpitas 1000 GM IM April"]
[Site "Milpitas"]
[Date "2023.04.08"]
[Round "8.2"]
[White "Campos Jimenez, Augusto Cesar"]
[Black "Guo, Ethan"]
[Result "1-0"]
[WhiteElo "2330"]
[BlackElo "1934"]
[PlyCount "67"]
[EventDate "2023.03.31"]
[EventType "schev"]
[EventRounds "10"]
[EventCountry "USA"]
[SourceTitle "CBM 213 Extra"]
[Source "ChessBase"]
[SourceDate "2023.05.31"]
[SourceVersion "1"]
[SourceVersionDate "2023.05.31"]
[SourceQuality "1"]

1. e4 c5 2. Nc3 d6 3. f4 Nf6 4. Nf3 Nc6 5. Bb5 g6 6. d3 Bg7 7. 0-0 0-0 8. Qe1 Bg4 9. Bxc6 bxc6 10. Bd2 Qb6 11. Na4 Qa6 12. b3 Nd7 13. Bc3 Bxc3 14. Nxc3 Bxf3 15. Rxf3 Qa5 16. Rh3 Rfe8 17. e5 Nf8 18. exd6 exd6 19. Ne4 Qxe1+ 20. Rxe1 Kg7 21. Rhe3 Red8 22. f5 Rab8 23. Rf1 Rb7 24. Ref3 Rdd7 25. h4 Rb5 26. fxg6 Nxg6 27. h5 Ne5 28. Rf6 d5 29. h6+ Kf8 30. Ng5 Kg8 31. Re1 Ng6 32. Re8+ Nf8 33. Ne6 fxe6 34. Rexf8# 1-0

[Event "Milpitas 1000 GM IM April"]
[Site "Milpitas"]
[Date "2023.04.02"]
[Round "5.2"]
[White "Campos Jimenez, Augusto Cesar"]
[Black "Shivakumar, Shawnak"]
[Result "0-1"]
[WhiteElo "2330"]
[BlackElo "2418"]
[PlyCount "84"]
[EventDate "2023.03.31"]
[EventType "schev"]
[EventRounds "10"]
[EventCountry "USA"]
[SourceTitle "CBM 213 Extra"]
[Source "ChessBase"]
[SourceDate "2023.05.31"]
[SourceVersion "1"]
[SourceVersionDate "2023.05.31"]
[SourceQuality "1"]

1. e4 e5 2. Bc4 Nf6 3. Nc3 Nxe4 4. Qh5 Nd6 5. Bb3 Be7 6. Nf3 Nc6 7. d3 g6 8. Qg4 h5 9. Qh3 Nf5 10. Nd5 d6 11. Nxe7 Qxe7 12. Ng5 Nfd4 13. Qe3 Nxb3 14. axb3 Nd4 15. Qd2 h4 16. 0-0 f6 17. Ne4 g5 18. f3 Be6 19. b4 b6 20. h3 d5 21. Nf2 c5 22. b3 cxb4 23. Bb2 Qc5 24. Rac1 Rc8 25. Rfe1 a5 26. Qd1 Kf7 27. c3 bxc3 28. Bxc3 b5 29. b4 axb4 30. Bb2 Qb6 31. Rxc8 Rxc8 32. f4 gxf4 33. Qh5+ Ke7 34. Qh7+ Kd6 35. Ra1 Ne2+ 36. Kh2 Qxf2 37. Qb7 Bd7 38. d4 f3 39. dxe5+ fxe5 40. Ra6+ Ke7 41. Re6+ Kxe6 42. Qb6+ Qxb6 0-1

[Event "Mexico City Independence Cup 11th"]
[Site "Mexico City"]
[Date "2022.09.17"]
[Round "6"]
[White "Campos Jimenez, Augusto Cesar"]
[Black "Perez Gormaz, Matias Ariel"]
[Result "1/2-1/2"]
[WhiteElo "2389"]
[BlackElo "2397"]
[PlyCount "190"]
[EventDate "2022.09.14"]
[EventType "tourn"]
[EventRounds "7"]
[EventCountry "MEX"]
[SourceTitle "CBM 210 Extra"]
[Source "ChessBase"]
[SourceDate "2022.11.30"]
[SourceVersion "1"]
[SourceVersionDate "2022.11.30"]
[SourceQuality "1"]

1. e4 e5 2. Bc4 Nf6 3. d3 Nc6 4. Nc3 Bc5 5. Nf3 d6 6. h3 h6 7. a4 a6 8. Be3 Bb4 9. 0-0 Bxc3 10. bxc3 0-0 11. Nd2 d5 12. exd5 Nxd5 13. Ne4 Be6 14. Nc5 Nxe3 15. Nxe6 Nxd1 16. Nxd8 Nxc3 17. Nxb7 Nd4 18. Kh2 Rfb8 19. Nc5 Nxc2 20. Rac1 Rb2 21. Bb3 Nxa4 22. Nxa4 Rxb3 23. Rxc2 Rxd3 24. Rxc7 Ra3 25. Nb6 Rd8 26. Nd7 e4 27. Rb1 e3 28. fxe3 Rxe3 29. Rbb7 Re2 30. Ra7 Ra2 31. Rc3 a5 32. Rg3 Rc8 33. Ne5 Rf2 34. Rf3 Rxf3 35. Nxf3 Rc5 36. Nd2 g6 37. Nb3 Rc3 38. Nxa5 Kg7 39. Rb7 h5 40. Rb3 Rc7 41. Re3 Kf6 42. Nb3 Kg7 43. Nd4 Rd7 44. Nf3 Rb7 45. Re4 Ra7 46. Kg3 Rb7 47. Rd4 Ra7 48. Kf4 Ra2 49. g3 Ra6 50. h4 Rf6+ 51. Ke3 Rf5 52. Rd7 Kg8 53. Ke4 Rf6 54. Ne5 Kg7 55. Rb7 Rf5 56. Rb3 Rf1 57. Rf3 Re1+ 58. Kd5 Rd1+ 59. Kc6 Rc1+ 60. Kd6 f6 61. Nd7 Rd1+ 62. Kc7 Rc1+ 63. Kd8 Rd1 64. Re3 g5 65. Ke7 Rf1 66. Re6 gxh4 67. gxh4 Rf4 68. Nxf6 Rxh4 69. Ne8+ Kh7 70. Kf6 Ra4 71. Kf5 Ra5+ 72. Kf4 h4 73. Nd6 h3 74. Nf5 h2 75. Rh6+ Kg8 76. Rxh2 Kf7 77. Rh7+ Ke8 78. Kg5 Kd8 79. Kf6 Ra1 80. Rb7 Rf1 81. Ra7 Ke8 82. Rb7 Kd8 83. Rf7 Ke8 84. Rg7 Kd8 85. Ke5 Re1+ 86. Kd5 Rd1+ 87. Nd4 Ke8 88. Kc5 Rc1+ 89. Kd6 Rd1 90. Ke6 Re1+ 91. Kd5 Rd1 92. Rb7 Kd8 93. Kc5 Ke8 94. Ra7 Rc1+ 95. Kd6 Rd1 1/2-1/2